书目信息 |
| 题名: |
文明的开端
|
|
| 作者: | 房龙 著 ;刁一恒 译 | |
| 分册: | ||
| 出版信息: | 北京 北京出版社 2004 |
|
| 页数: | 246页 | |
| 开本: | 22cm | |
| 丛书名: | 伦洋书坊 | |
| 单 册: | ||
| 中图分类: | K103 | |
| 科图分类: | ||
| 主题词: | 文化史--世界 , 文化史 | |
| 电子资源: | ||
| ISBN: | 7-200-03635-8 | |
| 000 | 01276oam2 2200337 45 | |
| 001 | 012006060901 | |
| 005 | 20070104152635.21 | |
| 010 | @a7-200-03635-8@dCNY9.00 | |
| 092 | @aCN@b495914 | |
| 100 | @a20060610e20052004em y0chiy0110 ea | |
| 101 | 1 | @achi@ceng |
| 102 | @aCN@b110000 | |
| 105 | @aa z 000yd | |
| 200 | 1 | @a文明的开端@9wen ming de kai duan@f(美)亨德里克·威廉·房龙(Hendrik Willem VanLoon)著@g刁一恒译@a奇迹与人@f(美)亨德里克·威廉·房龙(Hendrik Willem VanLoon)著@g李丽娜,王晓红译 |
| 205 | @a2版 | |
| 210 | @a北京@c北京出版社@d2004@h2005重印 | |
| 215 | @a246页@c图@d22cm | |
| 225 | 2 | @a伦洋书坊@i房龙文集@v05 |
| 305 | @a据英国George G.Harrap & Co.Ltd1923年版译出 | |
| 330 | @a该书包括“文明的开端”和“奇迹与人”两部分内容,共分26个篇章,即《史前人类》、《石器时代的结束》、《人--发明者》、《从兽皮到摩天大楼》等。 | |
| 461 | 0 | @12001 @a伦洋书坊@i房龙文集 |
| 500 | 00 | @a文明的开端 |
| 510 | 1 | @aAncient Man the Beginning of Civilizations@zeng |
| 510 | 1 | @aMan the Miracle Maker@zeng |
| 606 | 0 | @a文化史@y世界 |
| 606 | 0 | @a文化史 |
| 690 | @aK103@v4 | |
| 701 | 0 | @c(美)@a房龙@9fang long@c(Van Loon, Hendrik Willem@f1882~1944)@4著 |
| 702 | 0 | @a刁一恒@9diao yi heng@4译 |
| 801 | 0 | @aCN@bLZJBOOK@c20070104 |
| 905 | @a10447@dK103@e150=2 | |
| 文明的开端/(美)亨德里克·威廉·房龙(Hendrik Willem VanLoon)著/刁一恒译;奇迹与人/(美)亨德里克·威廉·房龙(Hendrik Willem VanLoon)著/李丽娜,王晓红译.-2版.-北京:北京出版社,2004(2005重印) |
| 246页:图;22cm.-(伦洋书坊.房龙文集;05) |
| ISBN 7-200-03635-8:CNY9.00 |
| 该书包括“文明的开端”和“奇迹与人”两部分内容,共分26个篇章,即《史前人类》、《石器时代的结束》、《人--发明者》、《从兽皮到摩天大楼》等。 |
| ● |
| 相关链接 |
|
|
|
|
正题名:文明的开端
索取号:K103/150=2
 
预约/预借
| 序号 | 登录号 | 条形码 | 馆藏地/架位号 | 状态 | 备注 |
| 1 | 0552699 | 205526992 | 第二样本阅览室/ [索取号:K103/150=2] | 在馆 | |
| 2 | 0552700 | 205527009 | 第二借阅区/ [索取号:K103/150=2] | 在馆 | |
| 3 | 0552701 | 205527018 | 第二借阅区/ [索取号:K103/150=2] | 在馆 |